A reuelation of the secret spirit : Declaring the most concealed secret of alchymie. Written first in Latine by an vnknowne author, but explained in Italian, by Iohn Baptista Lambye, Venetian. Lately translated into English, by R.N.E. gentleman.

Bibliographic Details
Main Author: Agnello, Giovan Battista
Other Authors: Napier, Robert
Format: eBook
Language:English
Published: London : Printed by Iohn Haviland for Henrie Skelton, and are to be sold at his shop a little within All-gate, 1623.
Series:Early English books online.
Subjects:
Online Access:Connect to the full text of this electronic book

MARC

Tag First Indicator Second Indicator Subfields
LEADER 00000nam a2200000 4500
001 in00004176921
005 20200807083211.0
006 m g d
007 cr bn |||a|bb|
008 921006s1623 enk o 00| | eng d
035 |a (UnM)99856425 
037 |a CL0036000044  |b ProQuest. 789 E. Eisenhower Parkway, Ann Arbor, MI 48108-3218 
040 |a Cu-RivES  |c Cu-RivES  |d CStRLIN  |e dcrb  |d WaOLN 
100 1 |a Agnello, Giovan Battista. 
240 1 0 |a Apocalypsis spiritus secreti.  |l English.  |f 1623 
245 0 2 |a A reuelation of the secret spirit :  |b Declaring the most concealed secret of alchymie. Written first in Latine by an vnknowne author, but explained in Italian, by Iohn Baptista Lambye, Venetian. Lately translated into English, by R.N.E. gentleman. 
246 2 |a Apocalypsis spiritus secreti. 
246 2 |a Revelation of the secret spirit. 
260 |a London :  |b Printed by Iohn Haviland for Henrie Skelton, and are to be sold at his shop a little within All-gate,  |c 1623. 
300 |a 1 online resource ([12], 80 pages) 
336 |a text  |b txt  |2 rdacontent 
337 |a computer  |b c  |2 rdamedia 
338 |a online resource  |b cr  |2 rdacarrier 
500 |a A translation, possibly by Robert Napier, of Apocalypsis spiritus secreti, followed by Agnello's exposition. 
500 |a Reproduction of the original in the British Library. 
500 |a Giovanni Batista Agnello = Giovanni Batista Lambi. 
510 4 |a STC (2nd edition)  |c 15184. 
533 |a Electronic reproduction.  |b Ann Arbor, Mich. :  |c UMI,  |d 1999-  |f (Early English books online)  |n Digital version of: (Early English books, 1475-1640 ; 1576:12)  |7 s1999 miun s 
650 0 |a Alchemy  |v Early works to 1800. 
700 1 |a Napier, Robert. 
730 0 |a Espositione di Giovanbatista Agnello. 
830 0 |a Early English books online. 
856 4 0 |u http://proxy.library.tamu.edu/login?url=https://search.proquest.com/docview/2240894546  |z Connect to the full text of this electronic book  |t 0 
999 f f |s 9a6966bc-1703-36fa-b906-234ad57a9e44  |i 65c1f5a4-6a4a-3ae3-9299-e87823c1950b  |t 0 
952 f f |a Texas A&M University  |b College Station  |c Electronic Resources  |d Available Online  |t 0  |h No information provided 
998 f f |t 0  |l Available Online